000 00906nam a2200241 a 4500
001 14113
003 BD-JhCC
005 20241212100337.0
008 241212b20152018b | ||| ||a| 000 0 b d
020 _a9789849030928
035 _a(BD-JhCC)14113
040 _aBD-JhCC
_dBD-JhCC
041 _abengali
082 _a297
_bJAM 2018
100 _aজামিল,মাওলানা তারিক
245 _aফিরে এসো জান্নাতের পথে /
_cমাওলানা তারিক জামিল,অনু: মাওলানা কাওসার বিন নুরুদ্দীন।
260 _aঢাকা:
_bবিননুরী লাইব্রেরী;
_c2018.
300 _a144 p. :
_c21 cm.
650 _aIslamic
700 _a নুরুদ্দীন,মাওলানা কাওসার বিন
942 _2ddc
_cBK
999 _c14113
_d14113